Effect of organic fertilizers on tonato at royal university of agriculture,(ឥទ្ធិពលជីសរីរាង្គលើដំណាំប៉េងប៉ោះនៅសាកលវិទ្យាល័យភូមិន្នកសិកម្ម). (Record no. 746)

000 -LEADER
fixed length control field 00607nam a22001577a 4500
003 - CONTROL NUMBER IDENTIFIER
control field OSt
005 - DATE AND TIME OF LATEST TRANSACTION
control field 20150918153112.0
008 - FIXED-LENGTH DATA ELEMENTS--GENERAL INFORMATION
fixed length control field 150918b xxu||||| |||| 00| 0 eng d
040 ## - CATALOGING SOURCE
Transcribing agency RUA
082 ## - DEWEY DECIMAL CLASSIFICATION NUMBER
Classification number AGR
100 ## - MAIN ENTRY--PERSONAL NAME
9 (RLIN) 780
Personal name SAMNANG, CHANBONY
245 ## - TITLE STATEMENT
Title Effect of organic fertilizers on tonato at royal university of agriculture,(ឥទ្ធិពលជីសរីរាង្គលើដំណាំប៉េងប៉ោះនៅសាកលវិទ្យាល័យភូមិន្នកសិកម្ម).
260 ## - PUBLICATION, DISTRIBUTION, ETC. (IMPRINT)
Place of publication, distribution, etc. phnom phen
Name of publisher, distributor, etc. RUA
Date of publication, distribution, etc. 2006
300 ## - PHYSICAL DESCRIPTION
Extent XIV,44p.
Other physical details ill.
Dimensions 29cm.
942 ## - ADDED ENTRY ELEMENTS (KOHA)
Source of classification or shelving scheme
Koha item type AGR

No items available.

មជ្ឈមណ្ឌលឯការនៃសាកលវិទ្យាល័យភូមិន្ទកសិកម្មចំការដូង

Powered by Koha